000
00260nam a2200109Ia 4500
008
200302s9999 xx 000 0 und d
100
_a
Peter Zumthor
245
_a
Peter Zumthor - Atmospheres
260
_b
Birkhauser Publishing
260
_c
2015
300
_a
75 P
999
_c
4381
_d
4381